| 000 | 00730nam a2200253 a 4500 | ||
|---|---|---|---|
| 001 | 66861 | ||
| 003 | BD-RjUL | ||
| 005 | 20211209081602.0 | ||
| 008 | 170320r20001996ii a|||| |||| 000 0 eng d | ||
| 020 | _a8174883525 | ||
| 035 | _a(BD-RjUL)66992 | ||
| 040 |
_aBD-RjUL _beng _cBD-RjUL |
||
| 041 | _aeng | ||
| 082 |
_223 _a668.65 _bINS 2000 |
||
| 245 | 0 | 0 |
_aInsects and Pesticides/ _cEdited by A.B. Saxena. |
| 260 |
_aNew Dehli : _bAnmol Publications, _cc1996 [reprint 2000] |
||
| 300 |
_a374 p. : _bill.; _c22 cm. |
||
| 490 |
_aRecent advances in entomology series _v7 |
||
| 650 |
_aPesticides _9197986 |
||
| 650 |
_aPests. _9113943 |
||
| 650 |
_aInsects. _9197987 |
||
| 700 |
_aSaxena., A.B. _9197988 |
||
| 942 |
_2ddc _cBK |
||
| 999 |
_c66861 _d66861 |
||